| 000 | 00461nam a2200169Ia 4500 | ||
|---|---|---|---|
| 008 | 140306s9999 xx 000 0 und d | ||
| 041 | _aeng | ||
| 082 |
_a338 .7 _bMAN/BU |
||
| 100 | _aMankar, V G | ||
| 245 | _aBusiness economics : theory of value and public finance | ||
| 260 |
_aNew Delhi _bHimalaya Publishing House _c 1996 |
||
| 300 | _a370 | ||
| 365 | _bRs .350 | ||
| 650 | _amonopolistic competition | ||
| 650 | _aPublic finance | ||
| 942 |
_2ddc _cBK |
||
| 999 |
_c183390 _d183390 |
||